| 000 | 00653nam a2200241 a 4500 | ||
|---|---|---|---|
| 001 | 0001-1316 | ||
| 003 | ELIB.Books | ||
| 008 | 150727 2010 eng | ||
| 020 | _a013478488X | ||
| 035 | _a(ELIB.Books)0001-1471 | ||
| 092 |
_a220.6 _bHau |
||
| 100 | _aHauer, Christian E. | ||
| 245 |
_aAn Introduction to the Bible: _bA Journey Into Three Worlds |
||
| 260 |
_aEnglewood Cliffs _bPrentice Hall, Inc. _c1986 |
||
| 300 |
_a332 _c23.5 Cm |
||
| 500 | _aDr. Min Oo | ||
| 650 | _aBible/ Introduction | ||
| 856 |
_nKBTS: Library _uKBTS: Elib |
||
| 942 |
_2ddc _cBK |
||
| 990 | _a1 | ||
| 998 |
_cbat _e2015-07-27 |
||
| 999 |
_c11316 _d11316 |
||